| 000 | 00367nam a2200157Ia 4500 | ||
|---|---|---|---|
| 005 | 20240807062425.0 | ||
| 008 | 240806s9999||||xx |||||||||||||| ||eng|| | ||
| 041 | _aeng | ||
| 082 |
_a891.433 _bSHAS |
||
| 100 | _aShanee | ||
| 245 | 0 |
_aShanee sab ek jagah / _cShanee |
|
| 260 | _bNational Publishing House New Delhi | ||
| 300 | _a0 | ||
| 650 | _aHindi | ||
| 942 | _cBK | ||
| 999 |
_c18523 _d18523 |
||